Electricity and Magnetism (Record no. 8489)
[ view plain ]
| 000 -LEADER | |
|---|---|
| fixed length control field | 00402nam a2200145Ia 4500 |
| 003 - CONTROL NUMBER IDENTIFIER | |
| control field | IN-BaIIA |
| 008 - FIXED-LENGTH DATA ELEMENTS--GENERAL INFORMATION | |
| fixed length control field | 211028s9999 xx 000 0 eng d |
| 040 ## - CATALOGING SOURCE | |
| Transcribing agency | IIA Library |
| 080 ## - UNIVERSAL DECIMAL CLASSIFICATION NUMBER | |
| Universal Decimal Classification number | 537:538 |
| Item number | DOB |
| 100 ## - MAIN ENTRY--PERSONAL NAME | |
| Personal name | Dobbs, R. |
| 9 (RLIN) | 14221 |
| 245 #0 - TITLE STATEMENT | |
| Title | Electricity and Magnetism |
| Statement of responsibility, etc. | R. Dobbs |
| 650 ## - SUBJECT ADDED ENTRY--TOPICAL TERM | |
| Topical term or geographic name entry element | Electricity |
| 9 (RLIN) | 527 |
| 650 ## - SUBJECT ADDED ENTRY--TOPICAL TERM | |
| Topical term or geographic name entry element | Magnetism |
| 9 (RLIN) | 56 |
| 942 ## - ADDED ENTRY ELEMENTS (KOHA) | |
| Koha item type | Books |
| Withdrawn status | Lost status | Damaged status | Not for loan | Home library | Current library | Shelving location | Date acquired | Total Checkouts | Total Renewals | Full call number | Barcode | Date last seen | Date last checked out | Price effective from | Koha item type |
|---|---|---|---|---|---|---|---|---|---|---|---|---|---|---|---|
| IIA Library-Bangalore | IIA Library-Bangalore | General Stacks | 14/10/1985 | 1 | 2 | 537:538/DOB | 9354 | 08/12/2021 | 08/12/2021 | 14/10/1985 | Books |